Govt. of
Madhya Pradesh

Normal view MARC view

Entry Personal Name

Number of records used in: 1

001 - CONTROL NUMBER

  • control field: 39321

003 - CONTROL NUMBER IDENTIFIER

  • control field: OSt

005 - DATE AND TIME OF LATEST TRANSACTION

  • control field: 20160220165703.0

008 - FIXED-LENGTH DATA ELEMENTS

  • fixed length control field: 160220|| aca||aabn | a|a d

040 ## - CATALOGING SOURCE

  • Original cataloging agency: OSt
  • Transcribing agency: OSt

100 ## - HEADING--PERSONAL NAME

  • Personal name: किचलू के. एल

670 ## - SOURCE DATA FOUND

  • Source citation: Work cat.: (OSt)23907: किचलू के. एल, गणित शिक्षा के सिद्धान्‍त तथा शिक्षण प्रणाली , 1955